000 00469nam a2200181Ia 4500
008 100917s9999 xx 000 0 und d
082 _b62270
100 _aबोरकर कमलाकर
245 _aफारारी
260 _bत्रदिल प्रकाशन
_c1983
300 _a72
365 _b7.5
520 _aनाटक
630 _aफारारी
650 _aनाटक
730 _aफारारी
942 _cBOOK
999 _c667664
_d667661